Quelles perspectives de développement du télétravail?
O nových možnostiach práce pomocou telekomunikačných prostriedkov. Priestorová redistribúcia rozličných aktivít vďaka práci pomocou telekomunikačných prostriedkov. Práca pomocou telekomunikačných prostriedkov predovšetkým ako sociálna a organizačná inovačná činnosť. Práca pomocou telekomunikačných p...
Salvato in:
| Autore principale: | |
|---|---|
| Natura: | Capitolo di libro |
| Lingua: | francese |
| Soggetti: | |
| Tags: |
Nessun Tag, puoi essere il primo ad aggiungerne!!
|
MARC
| LEADER | 00000naa a2200000 4500 | ||
|---|---|---|---|
| 001 | r008728 | ||
| 005 | 20220913124649.2 | ||
| 041 | 0 | |a fre | |
| 044 | |a FR | ||
| 245 | 1 | 0 | |a Quelles perspectives de développement du télétravail? |c J.C. Marot |
| 520 | |a O nových možnostiach práce pomocou telekomunikačných prostriedkov. Priestorová redistribúcia rozličných aktivít vďaka práci pomocou telekomunikačných prostriedkov. Práca pomocou telekomunikačných prostriedkov predovšetkým ako sociálna a organizačná inovačná činnosť. Práca pomocou telekomunikačných prostriedkov ako zdroj novej aktivity a ako rozhodujúci kvalitatívny skok. (Ingénieurs et scientifiques de France 1991, č.2). | ||
| 610 | 2 | 0 | |a práca administratívna |
| 610 | 2 | 0 | |a telekomunikácie |
| 610 | 2 | 0 | |a ďalekopisy |
| 610 | 2 | 0 | |a telefón |
| 610 | 2 | 0 | |a telegraf |
| 610 | 2 | 0 | |a technika oznamovacia |
| 610 | 2 | 0 | |a riadenie podnikové |
| 100 | 1 | |a Marot, Jean Claude | |